La mirada invisible

Argentina 1982. En tiempos de dictadura y represión, María Teresa trabaja en el Colegio Nacional de Buenos Aires. Un día, persiguiendo un vago, quizás inexistente, olor a tabaco, se esconde en los baños de los chicos para sorprender a los que fuman y llevarlos ante el director; poco a poco esto se c...

Descripción completa

Guardado en:
Autor Principal: Lerman, Diego.
Autor Corporativo: Campo Cine.
Otros Autores: Meira, María; Guion., Kohan, Martín; Novela., Zylberberg, Julieta; Reparto.
Formato: Deslizar
Idioma:Undetermined
Publicado: Argentina : Ministerio de Educación de la Nación, 2010.
Series:Archivo fílmico pedagógico jóvenes y escuela
Materias:
Etiquetas: Agregar Etiqueta
Sin Etiquetas, Sea el primero en etiquetar este registro!
LEADER 01642ngm a22002775a 4500
001 CEM.cems021079
008 240425s2010####xx#---############vlund#d
005 20240425145318.0
245 1 0 |a La mirada invisible  |h [videograbación] /  |c Diego Lerman. 
260 |a Argentina :  |b Ministerio de Educación de la Nación,  |c 2010. 
300 |a 97'. 
490 1 |a Archivo fílmico pedagógico jóvenes y escuela 
538 |a Soporte: DVD - Formato: DVD Peso: 4.35gb - Resolución: 720 x 480 - 29.97fps 
590 |a Identificación anterior: 303 
520 |a Argentina 1982. En tiempos de dictadura y represión, María Teresa trabaja en el Colegio Nacional de Buenos Aires. Un día, persiguiendo un vago, quizás inexistente, olor a tabaco, se esconde en los baños de los chicos para sorprender a los que fuman y llevarlos ante el director; poco a poco esto se convierte en un hábito oscuramente excitante. Nada pasa inadvertido a su mirada: la mirada del carcelero, del amo...o de la perversidad. No es de la violación de las reglas, sino de su aplicación a ultranza, de donde surgirán la torsión y el desafío, de la rigurosa vigilancia de una completa rectitud, de la custodia inflexible de una normalidad total y atroz. 
100 1 |a Lerman, Diego. 
700 1 |a Meira, María; Guion. 
700 1 |a Kohan, Martín; Novela. 
700 1 |a Zylberberg, Julieta; Reparto. 
710 2 |a Campo Cine. 
653 |a LARGOMETRAJE 
653 |a FICCIÓN 
653 |a ARCHIVO FÍLMICO PEDAGÓGICO 
653 |a TERRORISMO DE ESTADO 
653 |a GUERRA DE MALVINAS 
859 |a CEMS  |b BIB. CEMS - Depto. Recursos Didacticos  |h 778.5  |i LER  |k DRD  |p 3376.24  |t Ej.1